|
|
|
|
| LEADER |
00667cam a2200181 7i4500 |
| 001 |
0000023638 |
| 005 |
20091007090000.0 |
| 090 |
0 |
0 |
|a MAT 391
|b MAL
|
| 110 |
2 |
0 |
|a Malaysia External Trade Development Corporation [MATRADE]
|
| 245 |
2 |
0 |
|a Apparel & accessories of plastics - Singapore.
|
| 260 |
0 |
0 |
|a Singapore:
|b MATRADE Singapore,
|c 2008.
|
| 300 |
# |
# |
|a 9 p.
|
| 440 |
0 |
0 |
|a Product market study : 2008
|
| 650 |
0 |
0 |
|a Apparel,plastics --
|x Markets --
|z Singapore
|
| 650 |
0 |
0 |
|a Accessories plastics --
|x Markets --
|z Singapore
|
| 650 |
0 |
0 |
|a Plastics products --
|x Markets --
|z Singapore
|
| 651 |
0 |
0 |
|a Singapore
|
| 999 |
|
|
|a 0000024762
|b Book
|c MATRADEs Collection
|e Business Information Centre
|